LEADER 01855nam0 2200349 i 450 001 BVE0048442 005 20251003044053.0 010 $a8814042942 020 $aIT$b94-2589 100 $a20130827d1993 ||||0itac50 ba 101 | $aita 102 $ait 181 1$6z01$ai $bxxxe 182 1$6z01$an 200 1 $aStudi sul pensiero sociale di Filone di Alessandria$fDomenico Farias 210 $aMilano$cA. Giuffrè$d1993 215 $aXIV, 317 p.$d24 cm. 225 | $aPubblicazioni degli istituti di scienze giuridiche, economiche, politiche e sociali della Facoltà di giurisprudenza della Università di Messina$v180 410 0$1001CFI0002211$12001 $aPubblicazioni degli istituti di scienze giuridiche, economiche, politiche e sociali della Facoltà di giurisprudenza della Università di Messina$v180$171201$aUniversità degli studi di Messina$b : Facoltà di giurisprudenza$3CFIV007513 676 $a109$9FILOSOFIA. STORIA E BIOGRAFIA COLLETTIVA$v23 676 $a180$9FILOSOFIA ANTICA, MEDIEVALE, ORIENTALE$v12 676 $a186.4$9FILOSOFIA NEOPLATONICA$v21 700 1$aFarias$b, Domenico$3CFIV042210$4070$0231470 801 3$aIT$bIT-000000$c20130827 850 $aIT-BN0095 $aIT-NA0228 901 $bNAP 01$cPOZZO LIB.$nVi sono collocati fondi di economia, periodici di ingegneria e scienze, periodici di economia e statistica e altri fondi comprendenti documenti di economia pervenuti in dono. 901 $bNAP DO$cCAVEAU $n$ 912 $aBVE0048442 950 0$aBiblioteca Centralizzata di Ateneo$c1 v.$d 01POZZO LIB.ECON MON 7290$e 0101 0700246315E VMA 1 v. (precedente collocazione 24 EC 631)$fB $h20220802$i20220802 977 $a 01$a DO 996 $aStudi sul pensiero sociale di Filone di Alessandria$9660334 997 $aUNISANNIO